| 000 | 00517nam a22001937a 4500 | ||
|---|---|---|---|
| 003 | MPLRDC | ||
| 005 | 20220104124531.0 | ||
| 008 | 210129b ||||| |||| 00| 0 eng d | ||
| 020 | _a7-5301-0371-7 | ||
| 082 | _a859.3 ZY v.6 | ||
| 100 | _a中原、丁大华主编 | ||
| 245 |
_a生命泉: 著名民间童话精选 _c |
||
| 250 | _a一版一刷 | ||
| 260 |
_a _b北京少年儿童出版社 _c1992 |
||
| 300 | _b平 | ||
| 490 | _a小学生拼音宝库之六 | ||
| 650 | _a童话故事 | ||
| 942 |
_cBK _o859.3 ZY v.6 |
||
| 999 |
_c20090 _d20080 |
||